| 000 | 00000cam 2200000zi 4500 |
| 001 | 9.954319 |
| 003 | CaOODSP |
| 005 | 20251218082717 |
| 006 | m o d f |
| 007 | cr mn||||||||| |
| 008 | 250820e20241218onc obs f000 0 eng d |
| 040 | |aCaOODSP|beng|erda|cCaOODSP |
| 043 | |an-cn--- |
| 086 | 1 |aCS82-003/2024-12-1E-PDF |
| 100 | 1 |aIslam, Md. Kamrul, |eauthor. |
| 245 | 10|aAnxiety disorders among older Canadians : |bfocus on Indigenous and racialized population groups / |cby Md Kamrul Islam and Heather Gilmour. |
| 264 | 1|a[Ottawa] : |bStatistics Canada = Statistique Canada, |cDecember 18, 2024. |
| 264 | 4|c©2024 |
| 300 | |a1 online resource (15 pages). |
| 336 | |atext|btxt|2rdacontent |
| 337 | |acomputer|bc|2rdamedia |
| 338 | |aonline resource|bcr|2rdacarrier |
| 490 | 1 |aHealth reports, |x1209-1367 ; |vvol. 35, no. 12, [1] |
| 500 | |aIssued also in French under title: Troubles anxieux au sein de la population canadienne âgée : accent porté sur les groupes de population autochtones et racisés. |
| 504 | |aIncludes bibliographical references (pages 13-15). |
| 520 | |a"Anxiety disorders are among the most common mental health problems. However, few studies have examined the prevalence of, and factors associated with, anxiety disorders among older Canadians (65 years or older), with a particular focus on Indigenous and racialized population groups"--Page 3. |
| 650 | 0|aAnxiety disorders|zCanada|vStatistics. |
| 650 | 0|aAnxiety in old age|zCanada|vStatistics. |
| 650 | 0|aIndigenous peoples|xHealth and hygiene|zCanada|vStatistics. |
| 650 | 0|aMinorities|xHealth and hygiene|zCanada|vStatistics. |
| 655 | 7|aStatistics|2lcgft |
| 710 | 2 |aStatistics Canada, |eissuing body. |
| 775 | 08|tTroubles anxieux au sein de la population canadienne âgée : |w(CaOODSP)9.954323 |
| 830 | #0|aHealth reports (Series)|x1209-1367 ; |vvol. 35, no. 12, [1].|w(CaOODSP)9.950253 |
| 856 | 40|qPDF|s544 KB|uhttps://publications.gc.ca/collections/collection_2025/statcan/82-003-x/CS82-003-2024-12-1-eng.pdf |
| 856 | 41|qHTML|sN/A|uhttps://www150.statcan.gc.ca/n1/pub/82-003-x/2024012/article/00001-eng.htm |